000 00923nam a2200253Ia 4500
003 OSt
005 20220927110623.0
006 a|||||r|||| 00| 0
007 ta
008 220926b |||||||| |||| 00| 0 eng d
024 _a74227
037 _cReports
040 _aRTL
_cRTL
_beng
041 _2eng
_aeng
082 _a"X9.247.N6t4, K0;K1/GD"
110 _a"India, Government of.... Commerce and Industry (Ministry of...). Development (Commissioner)"
_9379435
245 0 _aReport on industrial survey of Jammu and Kashmir state.
260 _aFaridabad
_bGovernment of India Press India
_c1960
300 _a"xii, 438p. Appendix p.381-438"
_ccm.
650 _aIndustrial Economics
700 _a"India, Government of.... Commerce and Industry (Ministry of...). Development (Commissioner)"
_9379436
942 _h"X9.247.N6t4, K0;K1/GD"
_cCC
999 _c697427
_d697427